<?xml version="1.0" encoding="UTF-8"?><?xml-stylesheet type="text/xsl" href="static/style.xsl"?><OAI-PMH xmlns="http://www.openarchives.org/OAI/2.0/" xmlns:xsi="http://www.w3.org/2001/XMLSchema-instance" xsi:schemaLocation="http://www.openarchives.org/OAI/2.0/ http://www.openarchives.org/OAI/2.0/OAI-PMH.xsd"><responseDate>2026-04-13T00:10:54Z</responseDate><request verb="GetRecord" identifier="oai:www.recercat.cat:2117/342652" metadataPrefix="marc">https://recercat.cat/oai/request</request><GetRecord><record><header><identifier>oai:recercat.cat:2117/342652</identifier><datestamp>2025-07-22T18:25:00Z</datestamp><setSpec>com_2072_1033</setSpec><setSpec>col_2072_452951</setSpec></header><metadata><record xmlns="http://www.loc.gov/MARC21/slim" xmlns:dcterms="http://purl.org/dc/terms/" xmlns:xsi="http://www.w3.org/2001/XMLSchema-instance" xmlns:doc="http://www.lyncode.com/xoai" xsi:schemaLocation="http://www.loc.gov/MARC21/slim http://www.loc.gov/standards/marcxml/schema/MARC21slim.xsd">
   <leader>00925njm 22002777a 4500</leader>
   <datafield ind2=" " ind1=" " tag="042">
      <subfield code="a">dc</subfield>
   </datafield>
   <datafield ind2=" " ind1=" " tag="720">
      <subfield code="a">Artigas De Spa, Alejandro</subfield>
      <subfield code="e">author</subfield>
   </datafield>
   <datafield ind2=" " ind1=" " tag="260">
      <subfield code="c">2020-09</subfield>
   </datafield>
   <datafield ind2=" " ind1=" " tag="520">
      <subfield code="a">El paradigma ambiental de hoy en día requiere que se diseñen y construyan estructuras más eficientes con menos volumen y con materiales alternativos. Este trabajo tiene como objetivo estudiar diferentes tipologías y formas estructurales para demostrar el beneficio de una buena geometría en una estructura. Estudiaremos soluciones estructurales y constructivas en las cuales el factor común es la eficiencia estructural a través de la forma y geometría.&#xd;
&#xd;
El trabajo está dividido en dos partes.&#xd;
En la primera, se estudian las soluciones adoptadas por los maestros constructores de estructuras góticas del siglo XVI al siglo XIX a través de un análisis con herramientas de análisis estructural modernas. Se pretende analizar las soluciones estructurales que existieron como consecuencia de una limitación de recursos y material. Particularmente la necesidad de construir estructuras puramente a compresión.&#xd;
En la segunda parte haremos un análisis de la innovación en forma y estructura que hubo del siglo XIX al siglo XXI con las estructuras de cascarón. Estudiaremos las soluciones estructurales que tuvieron varios ingenieros y arquitectos a través de diferentes materiales (tabique estructural, hormigón reforzado y acero) y geometrías.&#xd;
El propósito es estudiar diferentes enfoques que permitan tener un diálogo con el pasado para una posible innovación en el futuro.</subfield>
   </datafield>
   <datafield tag="653" ind2=" " ind1=" ">
      <subfield code="a">Àrees temàtiques de la UPC::Enginyeria civil</subfield>
   </datafield>
   <datafield tag="653" ind2=" " ind1=" ">
      <subfield code="a">Structural analysis (Engineering)</subfield>
   </datafield>
   <datafield tag="653" ind2=" " ind1=" ">
      <subfield code="a">Sustainable development</subfield>
   </datafield>
   <datafield tag="653" ind2=" " ind1=" ">
      <subfield code="a">Estructuras de cascarón</subfield>
   </datafield>
   <datafield tag="653" ind2=" " ind1=" ">
      <subfield code="a">geometría</subfield>
   </datafield>
   <datafield tag="653" ind2=" " ind1=" ">
      <subfield code="a">forma</subfield>
   </datafield>
   <datafield tag="653" ind2=" " ind1=" ">
      <subfield code="a">ingeniería</subfield>
   </datafield>
   <datafield tag="653" ind2=" " ind1=" ">
      <subfield code="a">arquitectura</subfield>
   </datafield>
   <datafield tag="653" ind2=" " ind1=" ">
      <subfield code="a">bóvedas</subfield>
   </datafield>
   <datafield tag="653" ind2=" " ind1=" ">
      <subfield code="a">arcos</subfield>
   </datafield>
   <datafield tag="653" ind2=" " ind1=" ">
      <subfield code="a">estructuras</subfield>
   </datafield>
   <datafield tag="653" ind2=" " ind1=" ">
      <subfield code="a">Estructures, Teoria de les</subfield>
   </datafield>
   <datafield tag="653" ind2=" " ind1=" ">
      <subfield code="a">Desenvolupament sostenible</subfield>
   </datafield>
   <datafield ind2="0" ind1="0" tag="245">
      <subfield code="a">Fuerza a través de forma, geometría y material. Un estudio de tipologías y soluciones estructurales a lo largo de la historia</subfield>
   </datafield>
</record></metadata></record></GetRecord></OAI-PMH>